Účtovná závierka príspevkových organizácií za rok 1999

Príspevkové organizácie zriadené štátom vedú svoje účtovníctvo podľa zákona č. 563/1991 Zb. o účtovníctve. Obsahové vymedzenie účtovnej závierky podľa par. 18 zákona o účtovníctve. Doúčtovanie prípadov bežného roka. Inventarizácia majetku a záväzkov. Uzatváranie výsledkových a súvahových účtov. Otvá...

Ausführliche Beschreibung

Gespeichert in:
Bibliographische Detailangaben
1. Verfasser: Brániková, Mária
Format: Buchkapitel
Sprache:Slowakisch
Schlagworte:
Tags: Tag hinzufügen
Keine Tags, Fügen Sie das erste Tag hinzu!

MARC

LEADER 00000naa a2200000 4500
001 r037355
005 20231002072017.9
041 0 |a slo 
044 |a SK 
245 1 0 |a Účtovná závierka príspevkových organizácií za rok 1999  |c Mária Brániková 
520 |a Príspevkové organizácie zriadené štátom vedú svoje účtovníctvo podľa zákona č. 563/1991 Zb. o účtovníctve. Obsahové vymedzenie účtovnej závierky podľa par. 18 zákona o účtovníctve. Doúčtovanie prípadov bežného roka. Inventarizácia majetku a záväzkov. Uzatváranie výsledkových a súvahových účtov. Otváranie účtovných kníh v nasledujúcom účtovnom období. 
610 2 0 |a závierka účtovná 
610 2 0 |a organizácie príspevkové 
610 2 0 |a inventarizácia 
610 2 0 |a majetok 
610 2 0 |a účtovanie 
610 2 0 |a účtovníctvo 
610 2 0 |a účty súvahové 
610 2 0 |a knihy účtovné 
100 1 |a Brániková, Mária